Institutional Accreditation Manual (Record no. 8653)

MARC details
000 -LEADER
fixed length control field 00375nam a22001337a 4500
008 - FIXED-LENGTH DATA ELEMENTS--GENERAL INFORMATION
fixed length control field 210304b ||||| |||| 00| 0 eng d
082 ## - DEWEY DECIMAL CLASSIFICATION NUMBER
Classification number 379.158 BHU
245 ## - TITLE STATEMENT
Title Institutional Accreditation Manual
250 ## - EDITION STATEMENT
Edition statement 2nd ed.
260 ## - PUBLICATION, DISTRIBUTION, ETC.
Place of publication, distribution, etc. Thimphu :
Name of publisher, distributor, etc. Bhutan Accreditation Council,
Date of publication, distribution, etc. 2020.
300 ## - PHYSICAL DESCRIPTION
Extent viii, 99 p.
Dimensions 26 cm.
650 ## - SUBJECT ADDED ENTRY--TOPICAL TERM
Topical term or geographic name entry element Bhutan Accreditation Council
942 ## - Added entry Elements (Koha)
Source of classification or shelving scheme Dewey Decimal Classification
Holdings
Withdrawn status Lost status Source of classification or shelving scheme Damaged status Not for loan Collection code Home library Current library Shelving location Date acquired Serial Enumeration / chronology Total Checkouts Full call number Barcode Date last seen Date last checked out Price effective from Koha item type
    Dewey Decimal Classification     Main TEST RTC Library RTC Library Main opac 04/03/2021 14932 1 379.158 BHU 30014078 03/11/2022 28/10/2022 04/03/2021 Main
Royal Thimphu College || All Right Reserved